Mathematics Decoder - Statistics

General Stats
  • This quiz has been taken 2,019 times
    857 since last reset
  • The average score is 30 of 44
Answer Stats
Hint Answer % Correct
S Forty plus twenty Sixty
90%
H To divide by 2 Halve
87%
O Eight sided shape Octagon
87%
E Numbers that end in 2, 4, 6, 8 or 0 Even
86%
H The whole number after ninety-nine is one ________ Hundred
86%
H Six-sided shape Hexagon
85%
B 1,000,000,000 Billion
83%
O Numbers that end in 1, 3, 5, 7 or 9 Odd
83%
N A number below zero; not positive Negative
82%
S A round 3-dimensional shape Sphere
81%
D Radius plus radius (2r) Diameter
77%
I A never-ending "number"; ∞ Infinity
77%
T Largest number with three letters in its name Ten
77%
T 200 squared is equal to 40 _____ Thousand
75%
A The process of calculating the total of two or more numbers Addition
74%
L Volume equal to 1000 ml Litre
74%
N Top number in a fraction Numerator
74%
O Describes an angle between 90° and 180° Obtuse
74%
H Longest side on a right-angled triangle Hypotenuse
73%
C A mechanical tool to work out mathematics Calculator
71%
B A base-2 number expressed in only 0 and 1 Binary
70%
H Seven sided shape Heptagon
70%
N Nine-sided shape Nonagon
70%
S The opposite of the above Subtraction
70%
U A quantity used as the standard of measurement, for example, the basic ___ of time is seconds Unit
70%
G 10100 Googol
63%
M The process of "timesing" numbers together Multiplication
63%
E A triangle with all three sides and angles having the same size Equilateral
62%
E An approximate answer Estimate
62%
R The 3D counterpart of this 2D shape is a cuboid Rectangle
61%
E e is also known as ____'s Number Euler
60%
G A unit of metric mass Gram
60%
C Drawing tool used to draw circles or arcs Compass
57%
I A triangle with two sides and angles having the same size Isosceles
57%
M The most common value in a list of numbers Mode
57%
U Two values that are not the same are this, denoted by the "≠" symbol Unequal
57%
T The field of mathematics relating to sides and angles of triangles Trigonometry
54%
T A straight line that just touches a point on a circle Tangent
53%
R In a set of numbers, the largest minus the smallest Range
50%
A A counting frame used for calculating numbers Abacus
48%
I Another name for a whole number Integer
48%
S A triangle with no sides or angles having the same size Scalene
45%
A When letters and other symbols are used to symbolise formulae Algebra
44%
Quote "There should be no such thing as boring mathematics"
28%
No matching quizzes found
Score Distribution
Percent of People with Each Score
Percentile by Number Answered
Your Score History
You have not taken this quiz since the last reset